Organik kimya / (Record no. 200130586)
[ view plain ]
| 000 -LEADER | |
|---|---|
| fixed length control field | 01167 a2200265 4500 |
| 001 - CONTROL NUMBER | |
| control field | 200130586 |
| 003 - CONTROL NUMBER IDENTIFIER | |
| control field | TR-AnTOB |
| 005 - DATE AND TIME OF LATEST TRANSACTION | |
| control field | 20200403173639.0 |
| 008 - FIXED-LENGTH DATA ELEMENTS--GENERAL INFORMATION | |
| fixed length control field | 161122s1997 tu 000 0 |
| 020 ## - INTERNATIONAL STANDARD BOOK NUMBER | |
| International Standard Book Number | 9757467332 |
| 040 ## - CATALOGING SOURCE | |
| Original cataloging agency | TR-AnTOB |
| 041 ## - LANGUAGE CODE | |
| Language code of text/sound track or separate title | Türkçe |
| 050 00 - LIBRARY OF CONGRESS CALL NUMBER | |
| Classification number | QD251.2 |
| Item number | .A47 1997 |
| 090 ## - LOCALLY ASSIGNED LC-TYPE CALL NUMBER (OCLC); LOCAL CALL NUMBER (RLIN) | |
| Classification number (OCLC) (R) ; Classification number, CALL (RLIN) (NR) | QD251.2 .A47 1997 |
| 100 1# - MAIN ENTRY--PERSONAL NAME | |
| Personal name | Akpoyraz, Mustafa |
| 9 (RLIN) | 93320 |
| 245 10 - TITLE STATEMENT | |
| Title | Organik kimya / |
| Statement of responsibility, etc. | Mustafa Akpoyraz. |
| 264 #1 - PRODUCTION, PUBLICATION, DISTRIBUTION, MANUFACTURE, AND COPYRIGHT NOTICE | |
| Place of production, publication, distribution, manufacture | Ankara : |
| Name of producer, publisher, distributor, manufacturer | Güneş Yayınları, |
| Date of production, publication, distribution, manufacture, or copyright notice | 1997. |
| 300 ## - PHYSICAL DESCRIPTION | |
| Extent | 300 sayfa ;|c 24 cm. |
| 504 ## - BIBLIOGRAPHY, ETC. NOTE | |
| Bibliography, etc. note | |
| 505 ## - FORMATTED CONTENTS NOTE | |
| Formatted contents note | I.Canlıların temel elementleri ve kimyasal bağlar -- II.Organik kimyaya giriş ve hidrokarbonlar -- III.Alkoller ve eterler -- IV.Organik kükürt bileşikleri -- V.Alkil halojenürler -- VI.Aldehitler ve ketonlar -- VII.Organik asitler -- VIII.Karbon bileşiklerin stereokimyası (Stereoizomerlik) -- X.Karbonhidratlar -- XI.Aminler -- XII.Amino asitler, petitler ve proteinler -- XIII.Aromatik bileşiklere toplu bakış -- XIV.Siklik bileşikler -- XV.Heterosiklik bileşikler -- XVI.Özel konular. |
| 650 #0 - SUBJECT ADDED ENTRY--TOPICAL TERM | |
| Topical term or geographic name entry element | Kimya, Organik |
| 9 (RLIN) | 93321 |
| Topical term or geographic name entry element | Chemistry, Organic |
| 9 (RLIN) | 123 |
| 942 ## - ADDED ENTRY ELEMENTS (KOHA) | |
| Koha item type | Book |
| Withdrawn status | Lost status | Source of classification or shelving scheme | Not for loan | Collection code | Home library | Current library | Shelving location | Date acquired | Source of acquisition | Cost, normal purchase price | Serial Enumeration / chronology | Inventory number | Total Checkouts | Total Renewals | Total Holds | Full call number | Barcode | Date last seen | Date last checked out | Copy number | Cost, replacement price | Date shelved | Koha item type |
|---|---|---|---|---|---|---|---|---|---|---|---|---|---|---|---|---|---|---|---|---|---|---|---|
| Ödünç Verilebilir / Available | Genel Koleksiyon | Merkez Kütüphane | Merkez Kütüphane | Genel Koleksiyon / Main Collection | 13/09/2013 | Satın Alma / Purchase | 0.00 | 1 | MBN | 1 | 1 | QD251.2 .A47 1997 | 0042991 | 07/10/2021 | 17/09/2021 | 1 | 40.00 | 11/09/2013 | Book | ||||
| Ödünç Verilebilir / Available | Genel Koleksiyon | Merkez Kütüphane | Merkez Kütüphane | Genel Koleksiyon / Main Collection | 13/09/2013 | Satın Alma / Purchase | 0.00 | 1 | MBN | 1 | QD251.2 .A47 1997 | 0042992 | 20/11/2018 | 24/10/2018 | 2 | 40.00 | 11/09/2013 | Book | |||||
| Ödünç Verilebilir / Available | Genel Koleksiyon | Merkez Kütüphane | Merkez Kütüphane | Genel Koleksiyon / Main Collection | 13/09/2013 | Satın Alma / Purchase | 0.00 | 1 | MBN | 5 | QD251.2 .A47 1997 | 0042993 | 27/10/2018 | 24/10/2018 | 3 | 40.00 | 11/09/2013 | Book |
